It looks like you're offline.
Open Library logo
additional options menu

MARC record from Internet Archive

LEADER: 04001cam 2200649 i 4500
001 ocn957077866
003 OCoLC
005 20220621110642.0
008 160819s2016 mdu ob 001 0 eng
006 m o d
007 cr |||||||||||
010 $a 2016038733
040 $aDLC$beng$erda$cDLC$dYDX$dN$T$dIDEBK$dOCLCF$dTKN$dBLOOM$dDLC$dOCLCO$dRWNLT
019 $a961938089$a962437058
020 $a9781442249493$q(electronic)
020 $a1442249498
020 $z9781442249486 (cloth : alk. paper)
035 $a(OCoLC)957077866$z(OCoLC)961938089$z(OCoLC)962437058
042 $apcc
050 10 $aHV553
072 7 $aBUS$x032000$2bisacsh
072 7 $aSOC$x000000$2bisacsh
082 00 $a363.34/80684$223
100 1 $aZwitter, Andrej,$eauthor.
245 10 $aHumanitarian intelligence :$ba practitioner's guide to crisis analysis and project design /$cAndrej Zwitter.
264 1 $aLanham, Maryland :$bRowman & Littlefield,$c2016.
300 $a1 online resource.
336 $atext$btxt$2rdacontent
337 $acomputer$bn$2rdamedia
338 $aonline resource$bnc$2rdacarrier
490 1 $aSecurity and professional intelligence education series (SPIES)
504 $aIncludes bibliographical references and index.
505 0 $aWhat is humanitarian intelligence? -- Humanitarian intelligence in project cycle management -- Information collection, reliability, and probability -- Understanding complex contexts -- Humanitarian analysis and intervention design framework : comprehensive context analysis -- Understanding actors and their impact -- Social network analysis and interpretation -- From trends to operational planning -- Humanitarian analysis and intervention design framework : trend factors analysis -- Operational planning and forecasting -- Conclusion : recapitulating the humanitarian intelligence cycle.
588 $aDescription based on print version record.
520 $a"Today humanitarian actors are having to respond faster, stay longer, and constantly find creative solutions to overcoming challenges. Central to meeting the needs of millions of people everyday is the ability of the humanitarian system to gather, interpret and manage information. Humanitarian Intelligence elevates the vital role that intelligence analysis plays in the humanitarian sector. Most importantly, leaders and practitioners alike now have a working framework they can easily and immediately incorporate in their next relief operation."--Bloomsbury Publishing.
650 0 $aHumanitarian assistance$xManagement.
650 0 $aHumanitarian assistance$xSafety measures.
650 0 $aProject management.
650 7 $aBUSINESS & ECONOMICS$xInfrastructure.$2bisacsh
650 7 $aSOCIAL SCIENCE$xGeneral.$2bisacsh
650 7 $aProject management.$2fast$0(OCoLC)fst01078797
655 4 $aElectronic books.
776 08 $iPrint version:$aZwitter, Andrej, author.$tHumanitarian intelligence$dLanham, Maryland : Rowman & Littlefield, 2016$z9781442249486$w(DLC) 2016033682
830 0 $aSecurity and professional intelligence education series.
856 40 $3EBSCOhost$uhttp://search.ebscohost.com/login.aspx?direct=true&scope=site&db=nlebk&db=nlabk&AN=1403957
856 40 $3MyiLibrary$uhttp://www.myilibrary.com?id=966257
856 40 $uhttp://lib.myilibrary.com?id=966257$zConnect to MyiLibrary resource.
856 40 $uhttp://proxy.lib.utk.edu:90/login?url=http://site.ebrary.com/lib/utennk/docDetail.action?docID=11291189$zOnline Access - 1 simultaneous user.
856 40 $uhttp://www.rowman-select.com/9781442249493/Humanitarian-Intelligence
938 $aRowman and Littlefield$bRWLT$nbpp09263231
938 $aYBP Library Services$bYANK$n13237012
938 $aProQuest MyiLibrary Digital eBook Collection$bIDEB$ncis34461135
938 $aEBSCOhost$bEBSC$n1403957
938 $aBloomsbury Publishing$bBLOO$nbpp09263231
029 1 $aAU@$b000058556947
994 $aZ0$bIME
948 $hNO HOLDINGS IN IME - 37 OTHER HOLDINGS